| 000 | 00669nam a2200217 a 4500 | ||
|---|---|---|---|
| 999 |
_c3479 _d3479 |
||
| 001 | 3479 | ||
| 003 | BD-JhCC | ||
| 005 | 20171119095421.0 | ||
| 008 | 171113s1976 bg |||| ||a| 000 0 ben d | ||
| 035 | _a(BD-JhCC)3479 | ||
| 040 |
_aBD-JhCC _dBD-JhCC |
||
| 041 | _aben | ||
| 082 |
_a891.4409 _bANI 1976 |
||
| 100 | _aআনিসুজ্জামান | ||
| 245 |
_aস্বরূপের সন্ধানে / _cআনিসুজ্জামান |
||
| 260 |
_aঢাকা : _bজাতীয় সাহিত্য প্রকাশনী, _c1976 |
||
| 300 |
_a110 p. : _c22 cm. |
||
| 650 | _aCollection of Essays | ||
| 942 |
_2ddc _cBK |
||